Письма Василия Алексеевича Перовского брату Льву Алексеевичу Перовскому о своей деятельности в качестве Оренбургского генерал-гу...

RUSMARC
00006383cbc2a2200265#x 450
001ae7fd710-72f6-44dd-9e56-c663c9f3d96a
00520250214115823.0
100##$a20210422l18341840k l0rusy0189 ca
1010#$arus
$afre
102##$aRU
105##$ay###
1222#$ad18340430##
$ad18400320##
2001#$aПисьма Василия Алексеевича Перовского брату Льву Алексеевичу Перовскому о своей деятельности в качестве Оренбургского генерал-губернатора, о подготовке к походу на Хиву и неудачах, связанных с ним, об отношениях англичан к хивинскому хану, о работах инженера Аносова, о предполагаемом создании компании для эксплуатации земель и их недр в оренбургских степях, о своем сыне Алексее, о денежных расчётах с родственниками и посторонними лицами, о своем портрете работы К. П. Брюллова и по другим личным делам
$j30 апреля 1834 г. - 20 марта 1840 г.
215##$a147 листов
$d36,5х26 см
251##$cДело
300##$aМатериалы Василия Алексеевича Перовского. Личные документы и письма В. А. Перовского разным лицам
300##$aПодлинники и копии
300##$aНа французском и русском языках
371##$aДокумент не является опубликованным и широко распространяемым
461#0$1001da540890-9609-4519-9c73-89dc935ac779
$12001
$aПеровские
$1251
$cФонд
$1852
$j1021
462#0$1001716c169e-04bf-4bb4-abeb-b6098bfb985e
$12001
$a1807-1918 гг.
$vД. 65
$1251
$cОпись
$1852
$j2
801#0$aRU
$bРГИА
$c20210422
801#1$aRU
$bГлавНИВЦ
$c20210422
$2rusmarc
801#2$aRU
$bПБ им. Б.Н. Ельцина
$c20211111
$gRCR
$2rusmarc
850##$aФедеральное казенное учреждение "Российский государственный исторический архив"
852##$aРГИА
$j65
937##$hРГИА
$d12323468
$aASBIBLIO_SCAN
035##$aRusGRCC00032272
856##$uhttp://readingroom.main.prlib.ru/item.aspx?id_node=n170346957&mode=full
600#1$2nlr_sh1
$3RU\NLR\AUTH\66542363
$aПеровский
$bВ.А.
$f1795 - 1857
$gВасилий Алексеевич
$jАрхивные дела
6061#$2nlr_sh
$3RU\NLR\AUTH\661503566
$aХивинский поход
$jАрхивные дела
$z1839 - 1840
602##$2prlib_sh
$3LIBNET\UAF\0000099946
$aПеровские (дворянский род)
$jАрхивные дела
605##$2acquisition_Prlib
$3DITM\AF\0000004166
$aРоссия в лицах
$lколлекция
605##$2acquisition_Prlib
$3DITM\AF\0000002775
$aВласть
$lколлекция
686##$2rubbk
$a63.3(2)52-8ю1
$vLBC/M
686##$2rubbk
$a63.3(2)52-68ю1
$vLBC/M
604##$1604
$aБрюллов
$gКарл Павлович
$bК.П.
$f1799 - 1852
$2nlr_sh1
$3RU\NLR\AUTH\66157533
$1700#1
$aПортретная живопись
$1501|#
Формат отображения